Score 0/24 Timer 04:00
0 Plays Today
Title Missing Word % Correct
____ RecallTotal
95.8%
Fast & ____ 6Furious
94.6%
50 First ____Dates
93.5%
The ____ IdentityBourne
92.3%
The Manchurian ____Candidate
88.4%
What Lies ____Beneath
88.2%
Shutter ____Island
88.2%
Eternal Sunshine of the ____ MindSpotless
85.4%
Desperately ____ SusanSeeking
85.3%
Finding ____Dory
75.4%
The ____ EffectButterfly
72.5%
The Long Kiss ____Goodnight
71.7%
Title Missing Word % Correct
____ I Go to SleepBefore
63.5%
Regarding ____Henry
52.3%
____ SlateClean
49.5%
The Ipcress ____File
43.9%
Charlie ____ at the OperaChan
41.4%
The Number ____23
34.2%
Somewhere in the ____Night
30.5%
____ Dr.Mulholland
27.4%
Angel ____Heart
27.4%
____ AgainDead
20.2%
Dark ____City
17.3%
I Love You ____Again
14.1%

Today's Daily Dose

Remove Ads.
Support Sporcle.
Get the best of Sporcle when you Go Orange. This ad-free experience offers more features, more stats, and more fun while also helping to support Sporcle. Thank you for becoming a member.

You're not logged in!

Compare scores with friends on all Sporcle quizzes.
OR
Log In

Show Comments

Extras

Top Quizzes Today


Score Distribution

Your Account Isn't Verified!

In order to create a playlist on Sporcle, you need to verify the email address you used during registration. Go to your Sporcle Settings to finish the process.

Report this User

Report this user for behavior that violates our Community Guidelines.

Details: